Documentos
Guardat en:
| Autors principals: | , , , , |
|---|---|
| Autor corporatiu: | |
| Format: | Llibre |
| Idioma: | espanyol |
| Publicat: |
Santiago
Imprenta Cervantes, Bandera, 50
1903
|
| Edició: | 1a. ed |
| Col·lecció: | Colección de Historiadores i de Documentos relativos a la Independencia de Chile, IX
|
| Matèries: | |
| Etiquetes: |
Afegir etiqueta
Sense etiquetes, Sigues el primer a etiquetar aquest registre!
|
MARC
| LEADER | 00000nam a2200000 a 4500 | ||
|---|---|---|---|
| 001 | UCJ7883 | ||
| 003 | CL-VaPUC | ||
| 008 | 070124e19030000CL |||||||||||||||||spa|d | ||
| 082 | 0 | 4 | |a 983 |b MAT |2 21 |
| 100 | |a Matta Vial, Enrique |e autor |9 516430 | ||
| 700 | 0 | |a García Carrasco, Francisco Antonio |e author |9 509785 | |
| 700 | 0 | |a Rodríguez Zorrilla, José Joaquín |e author |9 516338 | |
| 700 | 0 | |a Rodríguez Zorrilla, José Santiago |e author |9 509374 | |
| 700 | 0 | |a Urrejola, Agustín de |e author |9 516339 | |
| 110 | 2 | |a Real Audiencia de Chile |e author |9 516340 | |
| 245 | 1 | 0 | |a Documentos |
| 250 | |a 1a. ed | ||
| 300 | |a x, 421 p | ||
| 942 | |c BK | ||
| 945 | |d 20070124 00:00:00 |a rinostro | ||
| 260 | |a Santiago |b Imprenta Cervantes, Bandera, 50 |c 1903 | ||
| 650 | 0 | |a Historia de Chile |9 265473 | |
| 650 | 0 | |a Independencia |9 344246 | |
| 650 | 0 | |a Fuentes Históricas |9 265141 | |
| 650 | 7 | |a CONSPIRACIONES |2 CL-VaPUC |9 477347 | |
| 650 | 7 | |a INGLESES |2 CL-VaPUC |9 516341 | |
| 583 | |a last modification |c 20070124 00:00:00 |k Rodrigo Vera | ||
| 490 | 0 | |a Colección de Historiadores i de Documentos relativos a la Independencia de Chile, IX | |
| 999 | |c 323748 |d 323746 | ||
| 952 | |0 0 |1 0 |4 0 |6 983_000000000000000_MAT_1903 |7 0 |8 X |9 403531 |a FDOBUD |b FDOBUD |d 2019-11-22 |i 1018817 |o 983 MAT 1903 |p 1018817 |r 2019-11-22 |w 2019-11-22 |y BK_X |k BUD | ||